Σημαίες Νησιωτικών Χωρών - Ξαφνικός Θάνατος - Statistics

General Stats
  • This quiz has been taken 37 times
  • The average score is 11 of 18
Answers on the Grid
Answers color-coded by a green-red scale on the quiz's grid according to % correct below.
 
Answer Stats
Answer % Correct
New Zealand
87%
Malta
73%
Cyprus
73%
Cuba
73%
Philippines
67%
Papua New Guinea
67%
Jamaica
60%
Seychelles
60%
Sri Lanka
60%
Dominican Republic
53%
Iceland
53%
Bahamas
53%
United Kingdom
53%
Comoros
47%
Haiti
47%
Taiwan
47%
Ireland
47%
Trinidad and Tobago
40%
No matching quizzes found
Score Distribution
Percent of People with Each Score
Percentile by Number Answered
Your Score History
You have not taken this quiz